Най-известните природни чудеса на света (Запис номер 207557)
[ съкратено ]
| 000 -Лидер | |
|---|---|
| Контролно поле с фиксирана дължина | 01609nam a2200349 a 4500 |
| 003 - Код на организацията, давaща контролен номер | |
| Контролно поле | BLK |
| 005 - Дата и час на последна редакция | |
| Контролно поле | 20250201123227.0 |
| 008 - Елементи от данни с фиксирана дължина | |
| fixed length control field | 180411b bul|||||r ||||||| ||bul|| |
| 010 ## - Наследен системен номер | |
| LC control number | KNG00217324000 |
| 040 ## - Източник на каталожния запис | |
| Идентификатор на билиотеката - собственик на записа | BLK |
| 041 ## - Код за език | |
| Код за езика на текст/звукозапис или на отделно заглавие | Български |
| Код за езика КДБФ | Български |
| 080 ## - УДК | |
| Текстов определител УДК | Резервати и други защитени територии (в цялост) и тяхната организация - Геологически, географски и ландшафтни резервати вж 502.6 ; Резервати на живата природа вж 502.7; Ловни територии вж 639.1 |
| УДК код - определител по УДК | 502.4 |
| УДК определител | (100)((02.053.2) |
| УДК - код + определител | 502.4(100)((02.053.2) |
| 100 1# - Редна дума - Автор | |
| Автор | Русанов, Любомир Кирилов |
| R(LIN) | 117434 |
| 139 ## - Редно поле | |
| Редна дума | Русанов, Любомир Кирилов |
| Авторски знак | Рус - Р 93 |
| 245 10 - Сведения за заглавието | |
| Заглавие | Най-известните природни чудеса на света |
| Редно поле (дума) | Любомир Кирилов Русанов. |
| 257 ## - Страна на издаване | |
| Страна на създаване/издаване | България |
| 260 ## - Област на издателските данни | |
| Година на издаване | 2017 |
| 9 (RLIN) | 209558 |
| Място на издаване, разпространение и проч. | София |
| Име на издателя, разпространителя и проч. | ПАН |
| 300 ## - Физическа характеристика | |
| Страници | 48 с. |
| Илюстрации и др. | с цв. ил. |
| Размери/Мащаб | 29 см |
| 380 ## - Жанр | |
| Жанр | Детска отраслова лит. |
| 650 #7 - Допълнително описание по предмет – тема | |
| 9 (RLIN) | 167864 |
| Основно описание – тема или топоним | Природни забележителности |
| 650 #7 - Допълнително описание по предмет – тема | |
| 9 (RLIN) | 156309 |
| Основно описание – тема или топоним | Издания - за деца |
| 653 #7 - Ключова дума – ненормативна | |
| 9 (RLIN) | 194561 |
| Ключова дума | природни забележителности |
| 653 #7 - Ключова дума – ненормативна | |
| 9 (RLIN) | 184826 |
| Ключова дума | детска литература |
| 700 ## - Други автори (авторска отговорност) | |
| Лично име | Кръстев, Венцислав |
| 9 (RLIN) | 292551 |
| 856 4# - Електронен адрес и достъп | |
| Електронен формат | pdf - файл |
| 856 4# - Електронен адрес и достъп | |
| Електронен формат | pdf - файл |
| 999 ## - СИСТЕМНИ КОНТРОЛНИ НОМЕРА | |
| Koha biblionumber | 207557 |
| Koha biblioitemnumber | 207557 |
| 942 ## - АРТИКУЛИ | |
| Вид на библиотечния материал | Книги |
| Скрит в OPAC | Не |
| Koha issues (borrowed), all copies | 12 |
| 944 ## - СЪЗДАВАНЕ И РЕДАКЦИЯ на ЗАПИСА | |
| Създаване/Редакция | Създаване |
| Дата на регистрацията/редакция | 21.03.2018 |
| Служител, извършил регистрацията/редакцията | 30552 |
| Статус, дата на статуса | Виолета Тройчева |
| 944 ## - СЪЗДАВАНЕ И РЕДАКЦИЯ на ЗАПИСА | |
| Създаване/Редакция | Редакция |
| Дата на регистрацията/редакция | 27.03.2018 |
| Служител, извършил регистрацията/редакцията | Виолета_Тройчева |
| 999 ## - СИСТЕМНИ КОНТРОЛНИ НОМЕРА | |
| Koha biblioitemnumber | 207557 |
| 999 ## - СИСТЕМНИ КОНТРОЛНИ НОМЕРА | |
| Koha biblioitemnumber | 207557 |
| Код за отписване | Код за изгубен артикул | Източник на класификационната схема | Код за повреда | Коз за рестрикции | Код за отдаване | Артикулен № | Име на библиотеката - собственик | Име на библиотеката, в която се намира в момента | Статус (Текущо местоположение) | Дата на вписване в системата | Местоположение - отдел | Цена в лева | Инвентарен номер | Систематично азбучна сигнатура | Баркод | Номер на екземпляра | Цена в евро | Служебна бележка | Служебен тип на артикула |
|---|---|---|---|---|---|---|---|---|---|---|---|---|---|---|---|---|---|---|---|
| Не е изгубен | Universal Decimal Classification | Не е повреден | без рестрикции | заемане за дома | 358412 | Регионална библиотека "Любен Каравелов" Русе | Регионална библиотека "Любен Каравелов" Русе | Детски отдел | 2018-03-14 | Детски отдел | 9.04 | 120000820125 | ДН 50/Р 93 | 120000820125 | 1 | 4.62 | Дост: Pk Вид: Ф N: 70703 Дата: 14.03.2018 | Книги | |
| Не е изгубен | Universal Decimal Classification | Не е повреден | без рестрикции | заемане за дома | 358413 | Регионална библиотека "Любен Каравелов" Русе | Регионална библиотека "Любен Каравелов" Русе | Детски отдел | 2018-03-14 | Детски отдел | 9.04 | 120000820126 | ДН 50/Р 93 | 120000820126 | 2 | 4.62 | Дост: Pk Вид: Ф N: 70703 Дата: 14.03.2018 | Книги |